Statistiques concernant Plus Grandes Villes Pays de la Loire

Cliquez ici pour prendre le quiz!

Statistiques générales

  • Ce quiz a été pris 144 fois
  • Le résultat moyen est 15 sur 33

Statistiques - réponses

DépartementVille
Population
(en milliers)
% Correct
Loire AtlantiqueNantes314
99%
Maine et LoireAngers154
96%
SartheLe Mans143
96%
MayenneLaval49
90%
VendéeLa Roche sur Yon54
89%
Loire AtlantiqueSaint Nazaire70
88%
Maine et LoireCholet54
82%
VendéeLes Sables d'Olonne44
71%
Maine et LoireSaumur26
68%
Loire AtlantiqueSaint Herblain46
61%
Loire AtlantiqueRezé42
59%
Loire AtlantiquePornic15
48%
Loire AtlantiqueLa Baule Escoublac16
45%
Loire AtlantiqueCarquefou20
44%
Loire AtlantiqueOrvault26
43%
Loire AtlantiqueSaint Sébastien sur Loire27
43%
VendéeChallans20
42%
VendéeLes Herbiers16
39%
Maine et LoireSegré en Anjou Bleu17
39%
Loire AtlantiqueVertou25
39%
Loire AtlantiqueGuérande16
37%
MayenneChâteau Gontier sur Mayenne16
36%
VendéeMontaigu Vendée20
34%
Loire AtlantiqueLa Chapelle sur Erdre19
27%
Maine et LoireChemillé en Anjou20
23%
Maine et LoireBeaupréau en Mauges23
21%
Loire AtlantiqueBouguenais19
21%
Loire AtlantiqueCouëron21
21%
Maine et LoireSèvremoine25
19%
Maine et LoireMauges sur Loire18
9%
Maine et LoireMontrevault sur Èvre15
7%
Maine et LoireOrée d'Anjou16
5%
Maine et LoireLoire Authion
4%

Distribution des résultats

Percentile par nombre de réponses

% des personnes avec chaque résultat

Votre développement - résultats

Vous n’avez pas pris ce quiz